[Event "C.to Italiano di Categoria 1N"]
[Site "Caorle ITA"]
[Date "1993.07.??"]
[Round "5"]
[White "Sgnaolin, Davide"]
[Black "Stantic, Severino"]
[WhiteElo "1820"]
[BlackElo "1845"]
[Result "1-0"]
[PlyCount "37"]
[EventDate "1993.07.02"]

1. e4 c5 2. Nf3 e6 3. Nc3 a6 4. d4 cxd4 5. Nxd4 Bc5 6. g3 Nc6 7. Be3 Qf6 8. Nf5
exf5 9. Bxc5 Nge7 10. Bg2 d6 11. Qxd6 Be6 12. O-O-O O-O 13. Nd5 Bxd5 14. Qxf6
gxf6 15. exd5 Rfc8 16. dxc6 Nxc6 17. Bxc6 Rxc6 18. Be7 Kg7 19. Rd6 1-0

[Event "C.to Italiano di Categoria 1N"]
[Site "Caorle ITA"]
[Date "1993.07.??"]
[Round "6"]
[White "Busato, Antonio"]
[Black "Fontana, Enrico"]
[WhiteElo "1689"]
[BlackElo "1875"]
[Result "0-1"]
[PlyCount "56"]
[EventDate "1993.07.02"]

1. e4 d6 2. d4 Nf6 3. Nc3 g6 4. f4 Bg7 5. Nf3 c5 6. dxc5 Qa5 7. Bd3 Qxc5 8. Qe2
Nc6 9. a3 O-O 10. Be3 Qh5 11. h3 Bg4 12. O-O-O Bxf3 13. gxf3 Rab8 14. Rdg1 h6
15. h4 b5 16. Bxb5 Rfc8 17. Ba6 Rc7 18. Nb5 Rd7 19. Qd2 Rxb5 20. Bxb5 Qxb5 21.
f5 Rb7 22. c3 Ne5 23. Qc2 Nc4 24. Bd2 Nxb2 25. fxg6 Qe2 26. gxf7+ Kf8 27. Rxg7
Nd3+ 28. Qxd3 Qxd3 0-1